Learned in the law and politics (Record no. 103505)
[ view plain ]
| 000 -LEADER | |
|---|---|
| fixed length control field | 01816nam a22003614a 4500 |
| 082 04 - DEWEY DECIMAL CLASSIFICATION NUMBER | |
| Classification number | 353.4/2293 |
| 100 1# - MAIN ENTRY--AUTHOR NAME | |
| Personal name | Ubertaccio, Peter N., |
| 245 10 - TITLE STATEMENT | |
| Title | Learned in the law and politics |
| 260 ## - PUBLICATION, DISTRIBUTION, ETC. (IMPRINT) | |
| Place of publication | New York : |
| Name of publisher | LFB Scholarly Pub., |
| Year of publication | 2005. |
| 300 ## - PHYSICAL DESCRIPTION | |
| Number of Pages | x, 224 p. |
| 490 1# - SERIES STATEMENT | |
| Series statement | American legal institutions |
| 505 0# - FORMATTED CONTENTS NOTE | |
| Formatted contents note | The Solicitor General's Office and American politics -- Politics and justice : the organization of the Office of Solicitor General and the centralization of federal litigation -- Advancing an executive legal agenda : progressives in the Department of Justice -- Defending the New Deal -- Organizing to promote New Deal liberalism -- Conservative legal advocacy. |
| 650 #0 - SUBJECT ADDED ENTRY--TOPICAL TERM | |
| Topical Term | Government litigation |
| Topical Term | Executive power |
| 856 40 - ELECTRONIC LOCATION AND ACCESS | |
| Uniform Resource Identifier | http://site.ebrary.com/lib/rucke/Doc?id=10115160 |
No items available.
